Word Ladder: Mortally-Wounded Actor Quiz Stats

Quiz Updated May 15, 2015

Challenge
Share
Tweet
Embed
Score 0/22 Timer 03:00
0 Plays Today
Clue 4-Letter Word % Correct
Hurt with a daggerSTAB
98.3%
Kermit, e.g.FROG
97.8%
Hit your toe on the table legSTUB
97.3%
Close a doorSHUT
97%
Place for a coin to enterSLOT
96.9%
A dance for juniors and seniorsPROM
95.9%
Object needed on stage during a playPROP
95.8%
Object thrown in track and fieldSHOT
95.2%
The Union Jack or Old Glory, e.g.FLAG
95.2%
The action in a bookPLOT
94.6%
Hit with a taserSTUN
93.7%
Clue 4-Letter Word % Correct
WhipFLOG
93.5%
Sound Alka-Seltzer makesPLOP
93.4%
Field on a gift tagFROM
93.3%
Avoid someone deliberatelySHUN
93%
An impudent childBRAT
92.1%
___: Laurel :: Oliver: HardySTAN
91.7%
Fiber source in cerealBRAN
91%
Opposite of sharpFLAT
90.9%
ΣΑΕ or ΣΦΕ, e.g.FRAT
89.9%
First name of actor who played Boromir and then diedSEAN
65.8%
Last name of actor who played Ned Stark and then diedBEAN
59.5%

Today's Daily Dose

Quick Pick
Overwatch Maps

On This Day
May 26th II

You're not logged in!

Compare scores with friends on all Sporcle quizzes.
Join for Free
OR
Log In

You Might Also Like...

Show Comments

Extras

Top Quizzes Today


Score Distribution

Your Account Isn't Verified!

In order to create a playlist on Sporcle, you need to verify the email address you used during registration. Go to your Sporcle Settings to finish the process.

Report this User

Report this user for behavior that violates our Community Guidelines.

Details: